000 00491nam a2200169Ia 4500
999 _c19729
_d19729
003 OSt
005 20200701104244.0
008 190216s9999||||xx |||||||||||||| ||und||
040 _coclc
082 _a909.8
_bKET/H
100 _aKetelbey, C D M
_93379
245 0 _aA History Of Modern Times From 1789 /
_cC D M Ketelbey
250 _a5th Ed.
260 _bOxford University Press,
_c1965.
_aDelhi:
300 _a734p
942 _cBK
_2ddc
_h909.8
_iKET/H
_k909.8
_mKET/H